000
00320nam a22001337a 4500
008
181029b xxu||||| |||| 00| 0 eng d
020
_a
9780072969108
041
_a
eng
080
_2
3 ED
_a
510
100
_a
39
101
_a
MAT
245
_a
Prealgebra Mathematics For Variable World
_c
Bach.d.J
942
_2
udc
_c
BK
999
_c
51034
_d
51034